| 000 | 00707nam a2200217 a 4500 | ||
|---|---|---|---|
| 999 |
_c2455 _d2455 |
||
| 001 | 2455 | ||
| 003 | BD-JhCC | ||
| 005 | 20171102184113.0 | ||
| 008 | 171102s1957 bg a|||| ||a| 001 0 ben d | ||
| 035 | _a(BD-JhCC)2455 | ||
| 040 |
_aBD-JhCC _dBD-JhCC |
||
| 041 | _aben | ||
| 082 |
_a891.4409 _bMOH 1957 |
||
| 100 | _aমঈনুদ্দীন, খান মুহাম্মদ | ||
| 245 |
_aযুগ-স্রষ্টা নজরুল / _c খান মুহাম্মদ মঈনুদ্দীন, |
||
| 260 |
_aঢাকা : _bআলহামরা লাইব্রেরী, _c1967 |
||
| 300 |
_a301 P. : _c22 CM. |
||
| 650 | _aBengali Literature | ||
| 942 |
_2ddc _cBK |
||